FIFA Wereldkampioenschap Voetbal Top 4 - Statistieken

Algemene statistieken
  • Deze quiz is 15.309 keer genomen
    13.513 sinds de laatste reset
  • De gemiddelde score is 18 van 26
Antwoordstatistieken
jaar 1e % Correct
1998 Frankrijk
99%
1978 Argentinië
98%
Nederland
98%
1958 Brazilië
97%
2014 Duitsland
97%
2010 Spanje
97%
1954 (West-)Duitsland
97%
België
93%
1934 Italië
92%
Kroatië
88%
1966 Engeland
87%
Portugal
87%
Marokko
82%
1930 Uruguay
82%
Zweden
69%
Verenigde Staten
68%
Polen
63%
Chili
51%
Oostenrijk
49%
Turkije
48%
Hongarije
43%
Sovjetunie
43%
Zuid-Korea
42%
Bulgarije
30%
Joegoslavië
26%
Tsjechoslowakije
21%
Geen overeenkomende quizzen gevonden
Scoreverdeling
Procent van Mensen met Elke Score
Percentiel versus Aantal Correcte Antwoorden
Uw Scoregeschiedenis
U heeft deze quiz nog niet genomen sinds de laatste reset